Представление документа в формате MARC21

ПолеНазваниеЗначение
  Тип записи a
  Библиографический уровень m
001 Контрольный номер RU/URAIT/583879
005 Дата корректировки 20260429163604.8
008 Кодируемые данные 260429s2026 RU y f j 000 0 rus u
020 Индекс ISBN __
a ISBN 978-5-534-02484-5
c Цена, тираж 1749.00
040 Источник каталогиз. __
a Служба первич. каталог. ИКО Юрайт
c Служба, преобразующая запись ИКО Юрайт
e Правила каталог. RCR
041 Код языка издания __
a Код языка текста rus
044 Код страны публикации __
a Код страны публикации RU
080 Индекс УДК __
a Индекс УДК 54(075.32)
084 Индекс другой классификации/Индекс ББК __
2 Источник индекса rubbk
a Индекс другой классификации/Индекс ББК 24я723
100 Автор __
a Автор Росин И. В.
q Полное имя Росин Игорь Владимирович
245 Заглавие __
a Заглавие Химия
b Продолж. заглавия учебник и практикум для спо
c Ответственность И. В. Росин, Л. Д. Томина, С. Н. Соловьев.
256 Характеристики компьютерного файла __
a Характеристики компьютерного файла Электрон. дан.
260 Выходные данные __
a Место издания Москва
b Издательство Юрайт
c Дата издания 2026
300 Физическое описание __
a Объем 328 с
440 Серия __
a Серия Профессиональное образование
500 Примечания __
a Примечание URL: https://urait.ru/bcode/583879 (дата обращения: 29.04.2026).
520 Аннотация __
a Аннотация В основе структуры данного курса — 18-групповая Периодическая таблица химических элементов, что соответствует современным требованиям к учебному курсу химии. Помимо теоретического материала в курс включены обучающие задачи и примеры их решения.
538 Прим. о системных особенностях __
a Прим. о системных особенностях Режим доступа: Электронно-библиотечная система Юрайт, для авториз. пользователей
653 Ключевые слова __
a Ключевые слова Общая химия
653 Ключевые слова __
a Ключевые слова Естественные науки
653 Ключевые слова __
a Ключевые слова Химия
653 Ключевые слова __
a Ключевые слова Общая и неорганическая химия
653 Ключевые слова __
a Ключевые слова Физколлоидная химия
653 Ключевые слова __
a Ключевые слова Физическая и коллоидная химия
653 Ключевые слова __
a Ключевые слова Основы общей и неорганической химии
653 Ключевые слова __
a Ключевые слова Основы химии
653 Ключевые слова __
a Ключевые слова Химия физическая и коллоидная
653 Ключевые слова __
a Ключевые слова Химия (основы общей и неорганической, аналитическая)
653 Ключевые слова __
a Ключевые слова Основы физической и коллоидной химии
653 Ключевые слова __
a Ключевые слова Химия физколлоидная
653 Ключевые слова __
a Ключевые слова Химия: общая и неорганическая
653 Ключевые слова __
a Ключевые слова Физическая химия и коллоидная химия
653 Ключевые слова __
a Ключевые слова Введение в химию
653 Ключевые слова __
a Ключевые слова Введение в общую химию
653 Ключевые слова __
a Ключевые слова Фундаментальное естествознание. Химия
653 Ключевые слова __
a Ключевые слова Коллоидная и физическая химия
653 Ключевые слова __
a Ключевые слова Естествознание: Химия
653 Ключевые слова __
a Ключевые слова Корректирующий курс по химии
653 Ключевые слова __
a Ключевые слова Химия (углубленный уровень)
700 Другие авторы __
a Другие авторы Томина Л. Д.
q Полное имя Томина Людмила Дмитриевна
700 Другие авторы __
a Другие авторы Соловьев С. Н.
q Полное имя Соловьев Сергей Николаевич
856 Электронный адрес документа 40
n Местонахождение сервера Юрайт
g Электронная книга
q Тип электронного формата html
h Имя пользователя ЮРАЙТ
v Часы доступа к ресурсу 20271231
2 Способ доступа Показать документ
x Служебное примечание https://urait.ru/book/cover/1A653E7E-D01A-4DAA-9BAC-A180C29B407A
u URL https://urait.ru/bcode/583879
856 Электронный адрес документа 48
q Тип электронного формата cover
u URL https://urait.ru/book/cover/1A653E7E-D01A-4DAA-9BAC-A180C29B407A
911 __
u 0030=https://urait.ru/bcode/583879
911 __
u 073a=9785534024845
u 073d=1749.00
911 __
u 106a=s
911 __
u 900l=
952 Тип литературы __
i Дисциплина Химия
952 Тип литературы __
i Дисциплина Общая и неорганическая химия
952 Тип литературы __
i Дисциплина Физколлоидная химия
952 Тип литературы __
i Дисциплина Физическая и коллоидная химия
952 Тип литературы __
i Дисциплина Основы общей и неорганической химии
952 Тип литературы __
i Дисциплина Основы химии
952 Тип литературы __
i Дисциплина Химия физическая и коллоидная
952 Тип литературы __
i Дисциплина Химия (основы общей и неорганической, аналитическая)
952 Тип литературы __
i Дисциплина Основы физической и коллоидной химии
952 Тип литературы __
i Дисциплина Химия физколлоидная
952 Тип литературы __
i Дисциплина Химия: общая и неорганическая
952 Тип литературы __
i Дисциплина Физическая химия и коллоидная химия
952 Тип литературы __
i Дисциплина Введение в химию
952 Тип литературы __
i Дисциплина Введение в общую химию
952 Тип литературы __
i Дисциплина Фундаментальное естествознание. Химия
952 Тип литературы __
i Дисциплина Коллоидная и физическая химия
952 Тип литературы __
i Дисциплина Естествознание: Химия
952 Тип литературы __
i Дисциплина Корректирующий курс по химии
952 Тип литературы __
i Дисциплина Химия (углубленный уровень)